[Event "34. Abierto Collado Villalba 2017"]
[Site "Collado Villalba ESP"]
[Date "2017.08.27"]
[Round "6.9"]
[White "Angelina Vela, Carlos"]
[Black "Cabañas Bravo, Juan Andres"]
[Result "1-0"]
[WhiteElo "2098"]
[BlackElo "2023"]
[PlyCount "81"]
[EventDate "2017.08.22"]
[EventType "swiss"]
[EventRounds "9"]
[EventCountry "ESP"]
[SourceTitle "Ajedrez en Madrid"]
[Source "lmi"]
[SourceDate "2017.08.22"]
[SourceVersion "1"]
[SourceVersionDate "2018.03.05"]
[SourceQuality "1"]

1. c4 Nf6 2. Nc3 d5 3. cxd5 Nxd5 4. g3 g6 5. Bg2 Nb6 6. d3 Bg7 7. Be3 O-O 8.
Nf3 Nc6 9. Qd2 Re8 10. h4 h5 11. Rc1 Nb4 12. Bh6 Bh8 13. O-O c6 14. a3 N4d5 15.
Nxd5 Nxd5 16. e4 Nc7 17. Be3 Bg4 18. Ng5 Nb5 19. Rfe1 Nd4 20. Rc4 a5 21. Bxd4
Bxd4 22. e5 c5 23. e6 fxe6 24. Rxe6 Bxe6 25. Nxe6 Qd6 26. Qg5 Kh7 27. Nf4 Qf6
28. Qd5 b5 29. Rc2 Rad8 30. Qe4 Kh6 31. Ne6 Rc8 32. Bh3 Rb8 33. Nxc5 Bxc5 34.
Rxc5 Qxb2 35. Rc6 Qg7 36. Re6 Rf8 37. Bf5 Rf6 38. Rxe7 Rxf5 39. Qe3+ Kh7 40.
Rxg7+ Kxg7 41. Qa7+ 1-0

[Event "34. Abierto Collado Villalba 2017"]
[Site "Collado Villalba ESP"]
[Date "2017.08.27"]
[Round "6.10"]
[White "Correas Gonzalez, Jose Ramon"]
[Black "Veganzones Rojo, David"]
[Result "1-0"]
[WhiteElo "2018"]
[BlackElo "2149"]
[PlyCount "145"]
[EventDate "2017.08.22"]
[EventType "swiss"]
[EventRounds "9"]
[EventCountry "ESP"]
[SourceTitle "Ajedrez en Madrid"]
[Source "lmi"]
[SourceDate "2017.08.22"]
[SourceVersion "1"]
[SourceVersionDate "2018.03.05"]
[SourceQuality "1"]

1. e4 e6 2. d4 d5 3. e5 c5 4. c3 Qb6 5. Nf3 Nc6 6. Bd3 cxd4 7. cxd4 Bd7 8. O-O
Nxd4 9. Nbd2 Nc6 10. Nb3 Nge7 11. Be3 Qd8 12. Bc5 Ng6 13. Bxf8 Kxf8 14. Re1 Nb4
15. a3 Nxd3 16. Qxd3 Qb6 17. Nbd4 Rc8 18. b4 Qc7 19. Qd2 Qc3 20. Qg5 h6 21. Qg3
Rc4 22. Red1 Ba4 23. Ne2 Qb2 24. Re1 Re4 25. Nfd4 Rxd4 26. Rab1 Qd2 27. Nxd4
Qxd4 28. Rbc1 Qd2 29. h4 Nf4 30. Qc3 Ne2+ 31. Rxe2 Qxe2 32. Qc8+ Be8 33. Qxb7
g6 34. Qxa7 Kg7 35. a4 Qd2 36. Rc8 Qd1+ 37. Kh2 Qxa4 38. Qe7 Qd7 39. Qf6+ Kh7
40. Rd8 Qc7 41. b5 Rg8 42. h5 gxh5 43. b6 Qb7 44. Qf3 Qe7 45. Ra8 Bc6 46. Ra7
Bb7 47. Qd3+ Kh8 48. Qe3 Rg6 49. Qd4 Rg8 50. Qd2 Kg7 51. Qe3 Rb8 52. f4 Qh4+
53. Kg1 Qg4 54. Qd4 Qg3 55. f5 Rc8 56. f6+ Kg8 57. Qd2 Rb8 58. Qc1 d4 59. Rxb7
Rxb7 60. Qc8+ Kh7 61. Qxb7 Qe1+ 62. Kh2 Qxe5+ 63. Kh3 Qf5+ 64. Kh2 Qf4+ 65. Kh1
Qh4+ 66. Kg1 Qe1+ 67. Kh2 Qe5+ 68. Kh3 Qe3+ 69. Kh2 Kg6 70. Qc7 d3 71. b7 d2
72. Qc2+ Kxf6 73. b8=Q 1-0

[Event "34. Abierto Collado Villalba 2017"]
[Site "Collado Villalba ESP"]
[Date "2017.08.27"]
[Round "6.11"]
[White "Vaquerizo Calvo, Miguel Arturo"]
[Black "Rodriguez Melendez, Juan Humbert"]
[Result "1/2-1/2"]
[WhiteElo "1910"]
[BlackElo "2160"]
[PlyCount "69"]
[EventDate "2017.08.22"]
[EventType "swiss"]
[EventRounds "9"]
[EventCountry "ESP"]
[SourceTitle "Ajedrez en Madrid"]
[Source "lmi"]
[SourceDate "2017.08.22"]
[SourceVersion "1"]
[SourceVersionDate "2018.03.05"]
[SourceQuality "1"]

1. e4 c5 2. Nc3 d6 3. f4 Nc6 4. Nf3 e6 5. Bb5 a6 6. Bxc6+ bxc6 7. d3 Rb8 8. b3
Nf6 9. O-O d5 10. e5 Ng4 11. h3 Nh6 12. Na4 Nf5 13. Qe1 Nd4 14. Qf2 Nxf3+ 15.
Qxf3 Be7 16. c4 Qc7 17. Ba3 Qa7 18. Qf2 d4 19. Qf3 Bd7 20. Rae1 h5 21. g4 g6
22. Re2 Kd8 23. Qf2 hxg4 24. hxg4 Rh3 25. Qe1 a5 26. Qd2 Kc7 27. Rh2 Rh4 28. g5
Rbh8 29. Rff2 Rxh2 30. Rxh2 Rxh2 31. Qxh2 Be8 32. Qh7 Kc8 33. Qh8 Kd8 34. Qg7
Kc8 35. Qh8 1/2-1/2

[Event "34. Abierto Collado Villalba 2017"]
[Site "Collado Villalba ESP"]
[Date "2017.08.27"]
[Round "6.12"]
[White "Fernandez Aransay, Fernando"]
[Black "Rodrigo Yanguas, Maria"]
[Result "0-1"]
[WhiteElo "1844"]
[BlackElo "2076"]
[PlyCount "60"]
[EventDate "2017.08.22"]
[EventType "swiss"]
[EventRounds "9"]
[EventCountry "ESP"]
[SourceTitle "Ajedrez en Madrid"]
[Source "lmi"]
[SourceDate "2017.08.22"]
[SourceVersion "1"]
[SourceVersionDate "2018.03.05"]
[SourceQuality "1"]

1. e4 e6 2. d4 d5 3. exd5 exd5 4. Nf3 Nf6 5. c4 Be7 6. Bd3 dxc4 7. Bxc4 O-O 8.
O-O Bg4 9. Nc3 Nc6 10. Re1 Bxf3 11. Qxf3 Nxd4 12. Qd3 Nc6 13. Qc2 Bd6 14. h3 h6
15. Be3 a6 16. a3 b5 17. Bb3 Na5 18. Ba2 Nc4 19. Rad1 Nxe3 20. Rxe3 Kh8 21. Bb1
g6 22. Ne2 Qc8 23. Qc3 Kg7 24. Rf3 Qe6 25. Nd4 Qe5 26. Rg3 Kh7 27. Re1 Qc5 28.
Rxg6 fxg6 29. Qd3 Rg8 30. Ne6 Rae8 0-1

[Event "34. Abierto Collado Villalba 2017"]
[Site "Collado Villalba ESP"]
[Date "2017.08.27"]
[Round "6.14"]
[White "Garcia Galeote, Lorenzo"]
[Black "Zhou, Lulu"]
[Result "1/2-1/2"]
[WhiteElo "1985"]
[BlackElo "1928"]
[PlyCount "101"]
[EventDate "2017.08.22"]
[EventType "swiss"]
[EventRounds "9"]
[EventCountry "ESP"]
[SourceTitle "Ajedrez en Madrid"]
[Source "lmi"]
[SourceDate "2017.08.22"]
[SourceVersion "1"]
[SourceVersionDate "2018.03.05"]
[SourceQuality "1"]

1. d4 d5 2. Nf3 Nf6 3. e3 e6 4. Bd3 Nbd7 5. O-O Bd6 6. Nbd2 O-O 7. c3 c5 8. Qe2
cxd4 9. exd4 Nh5 10. g3 g6 11. Re1 Ng7 12. Nf1 Re8 13. Bg5 f6 14. Bh6 b6 15.
Ne3 Bb7 16. Qc2 Nf8 17. Ng4 a6 18. Qd2 Qe7 19. Re2 Nf5 20. Bf4 Bxf4 21. Qxf4
Qg7 22. Rae1 Kh8 23. Nxf6 Qxf6 24. g4 g5 25. Qe5 Qxe5 26. Rxe5 Nh4 27. Nxh4
gxh4 28. f4 Bc6 29. Rh5 Ra7 30. Rxh4 Rg7 31. Kf2 Ng6 32. Bxg6 Rxg6 33. Kg3 Kg7
34. Rh5 Bd7 35. Rhe5 Rh8 36. h4 Kf8 37. h5 Rg7 38. g5 Rf7 39. h6 Rg8 40. Kg4
Re7 41. Kf3 Re8 42. Kg4 Kf7 43. Kh5 Rg6 44. R1e3 Rgg8 45. Re1 Rgf8 46. Rg1 Rg8
47. Rge1 Rg6 48. R1e3 a5 49. a3 Rgg8 50. Re1 Rg6 51. R1e3 1/2-1/2

[Event "34. Abierto Collado Villalba 2017"]
[Site "Collado Villalba ESP"]
[Date "2017.08.27"]
[Round "6.15"]
[White "Camacho Casado, Natalio"]
[Black "Erice Alonso, Santiago"]
[Result "1/2-1/2"]
[WhiteElo "2105"]
[BlackElo "1963"]
[PlyCount "49"]
[EventDate "2017.08.22"]
[EventType "swiss"]
[EventRounds "9"]
[EventCountry "ESP"]
[SourceTitle "Ajedrez en Madrid"]
[Source "lmi"]
[SourceDate "2017.08.22"]
[SourceVersion "1"]
[SourceVersionDate "2018.03.05"]
[SourceQuality "1"]

1. e4 c5 2. d4 cxd4 3. c3 d3 4. Bxd3 g6 5. Be3 Bg7 6. Ne2 Nf6 7. f3 O-O 8. Nd2
Nc6 9. O-O d5 10. Kh1 Ne5 11. Bc2 dxe4 12. Nxe4 Nc4 13. Nxf6+ Bxf6 14. Qc1 Nxe3
15. Qxe3 e5 16. f4 exf4 17. Qxf4 Bg5 18. Qf3 Be6 19. Nd4 Bc4 20. Rf2 Bd5 21.
Be4 Bxe4 22. Qxe4 Qd7 23. Rd1 Rfe8 24. Qc2 Rad8 25. Rff1 1/2-1/2

[Event "34. Abierto Collado Villalba 2017"]
[Site "Collado Villalba ESP"]
[Date "2017.08.27"]
[Round "6.16"]
[White "Rojas Pozo, Jose Luis"]
[Black "Martinez Belen, Alejandro"]
[Result "1-0"]
[WhiteElo "1957"]
[BlackElo "1800"]
[PlyCount "63"]
[EventDate "2017.08.22"]
[EventType "swiss"]
[EventRounds "9"]
[EventCountry "ESP"]
[SourceTitle "Ajedrez en Madrid"]
[Source "lmi"]
[SourceDate "2017.08.22"]
[SourceVersion "1"]
[SourceVersionDate "2018.03.05"]
[SourceQuality "1"]

1. d4 d5 2. c4 e6 3. Nc3 Nf6 4. Bg5 Bb4 5. a3 Bxc3+ 6. bxc3 Nbd7 7. e3 O-O 8.
Bd3 dxc4 9. Bxc4 b6 10. f3 h6 11. Bh4 Re8 12. Ne2 Bb7 13. O-O Qe7 14. e4 Red8
15. Qb3 e5 16. Rfd1 g5 17. Bf2 a6 18. a4 exd4 19. cxd4 Nf8 20. Ng3 Bc8 21. Re1
Ne8 22. e5 Ng7 23. Rad1 Bf5 24. d5 Bg6 25. d6 cxd6 26. exd6 Qf6 27. Bd4 Qf4 28.
Be5 Qh4 29. Rd4 Re8 30. Rxh4 gxh4 31. Ne4 Kh8 32. Qc3 1-0

[Event "34. Abierto Collado Villalba 2017"]
[Site "Collado Villalba ESP"]
[Date "2017.08.27"]
[Round "6.17"]
[White "Sanchez Rodenas, Jose Antonio"]
[Black "Tarrio Ocaña, Jose Manuel"]
[Result "0-1"]
[WhiteElo "1627"]
[BlackElo "1869"]
[PlyCount "118"]
[EventDate "2017.08.22"]
[EventType "swiss"]
[EventRounds "9"]
[EventCountry "ESP"]
[SourceTitle "Ajedrez en Madrid"]
[Source "lmi"]
[SourceDate "2017.08.22"]
[SourceVersion "1"]
[SourceVersionDate "2018.03.05"]
[SourceQuality "1"]

1. e4 e6 2. d4 d5 3. exd5 exd5 4. c4 Nf6 5. Nc3 Be7 6. Nf3 O-O 7. Be2 dxc4 8.
Bxc4 Bg4 9. Be3 Nbd7 10. O-O Nb6 11. Be2 c6 12. h3 Bh5 13. Ne5 Bxe2 14. Qxe2
Nbd5 15. Nxd5 Qxd5 16. Qc4 Qxc4 17. Nxc4 Nd5 18. Bd2 Rad8 19. Bc3 Bf6 20. Rad1
Rfe8 21. Rfe1 Rxe1+ 22. Rxe1 g6 23. Ne5 Nf4 24. Kf1 Ne6 25. Nf3 Nxd4 26. Nxd4
Bxd4 27. Bxd4 Rxd4 28. Re8+ Kg7 29. Re7 Rb4 30. b3 a5 31. Ke2 Kf6 32. Rd7 Rb5
33. Rc7 Re5+ 34. Kd3 Re7 35. Rc8 Ke6 36. Ra8 Rd7+ 37. Kc3 Rd5 38. a4 Kd7 39.
Rf8 Rf5 40. f3 b5 41. axb5 cxb5 42. Ra8 b4+ 43. Kd4 Ke7 44. Ra6 h5 45. Ke4 Rc5
46. g3 Rc3 47. Rxa5 Rxb3 48. Ra7+ Kf6 49. Ra6+ Kg7 50. Rb6 Rb1 51. h4 b3 52.
Kf4 b2 53. Kg5 Rg1 54. Rxb2 Rxg3+ 55. Kf4 Rh3 56. Rb7 Rxh4+ 57. Kg5 Ra4 58. f4
Ra1 59. f5 Ra5 0-1

[Event "34. Abierto Collado Villalba 2017"]
[Site "Collado Villalba ESP"]
[Date "2017.08.27"]
[Round "6.18"]
[White "Perez Vazquez, Manuel"]
[Black "Lacrosse, Marc"]
[Result "1/2-1/2"]
[WhiteElo "1856"]
[BlackElo "2173"]
[PlyCount "63"]
[EventDate "2017.08.22"]
[EventType "swiss"]
[EventRounds "9"]
[EventCountry "ESP"]
[SourceTitle "Ajedrez en Madrid"]
[Source "lmi"]
[SourceDate "2017.08.22"]
[SourceVersion "1"]
[SourceVersionDate "2018.03.05"]
[SourceQuality "1"]

1. d4 d5 2. c4 e6 3. Nc3 Nf6 4. Bg5 Nbd7 5. e3 c6 6. Nf3 Qa5 7. Nd2 Bb4 8. Qc2
O-O 9. Be2 e5 10. O-O exd4 11. Nb3 Qb6 12. exd4 dxc4 13. Bxc4 a5 14. Ne4 a4 15.
Nxf6+ Nxf6 16. Nc5 Nd5 17. Bd3 h6 18. Bh4 Re8 19. a3 Bxc5 20. dxc5 Qb3 21. Qxb3
axb3 22. Bg3 Ra4 23. Rfe1 Rxe1+ 24. Rxe1 Be6 25. Re4 Rxe4 26. Bxe4 f5 27. Bxd5
Bxd5 28. h4 g6 29. Bf4 h5 30. f3 Kf7 31. Kf2 Ke6 32. Ke3 1/2-1/2

[Event "34. Abierto Collado Villalba 2017"]
[Site "Collado Villalba ESP"]
[Date "2017.08.27"]
[Round "6.19"]
[White "Lopez Ziegler, Carlos"]
[Black "Fernandez Garcia, Ignacio"]
[Result "1-0"]
[WhiteElo "1852"]
[BlackElo "1876"]
[PlyCount "49"]
[EventDate "2017.08.22"]
[EventType "swiss"]
[EventRounds "9"]
[EventCountry "ESP"]
[SourceTitle "Ajedrez en Madrid"]
[Source "lmi"]
[SourceDate "2017.08.22"]
[SourceVersion "1"]
[SourceVersionDate "2018.03.05"]
[SourceQuality "1"]

1. e4 e5 2. Nf3 Nc6 3. Bc4 Be7 4. d4 d6 5. O-O Nf6 6. Nc3 Bg4 7. dxe5 Bxf3 8.
Qxf3 Nxe5 9. Qe2 Nxc4 10. Qxc4 O-O 11. Bf4 Nd7 12. Rad1 Nb6 13. Qb3 c6 14. a4
Qc7 15. Rd2 Nd7 16. Rfd1 Nc5 17. Qc4 Rad8 18. Qxc5 Qb8 19. Bxd6 b6 20. Qe5 Bf6
21. Qg3 Bxc3 22. Qxc3 Rfe8 23. f3 c5 24. Bg3 Rxd2 25. Qxd2 1-0

[Event "34. Abierto Collado Villalba 2017"]
[Site "Collado Villalba ESP"]
[Date "2017.08.27"]
[Round "6.20"]
[White "Cardena Contreras, Javier"]
[Black "Tevar Sanz, Gonzalo"]
[Result "1-0"]
[WhiteElo "1925"]
[BlackElo "1749"]
[PlyCount "85"]
[EventDate "2017.08.22"]
[EventType "swiss"]
[EventRounds "9"]
[EventCountry "ESP"]
[SourceTitle "Ajedrez en Madrid"]
[Source "lmi"]
[SourceDate "2017.08.22"]
[SourceVersion "1"]
[SourceVersionDate "2018.03.05"]
[SourceQuality "1"]

1. e4 d6 2. d4 Nf6 3. Nc3 Nbd7 4. Nf3 e5 5. Bc4 Be7 6. O-O O-O 7. a4 c6 8. Bb3
Qc7 9. d5 c5 10. Qe2 a6 11. Bg5 Qd8 12. Nd2 Nxd5 13. Nxd5 Bxg5 14. Nf3 Bh6 15.
Rfd1 Nf6 16. Qd3 Ne8 17. a5 Bg4 18. h3 Bxf3 19. Qxf3 Qg5 20. Ba4 f5 21. exf5 g6
22. Nb6 Rxf5 23. Qd5+ Kh8 24. Nxa8 Qf4 25. Bxe8 Qxf2+ 26. Kh1 Bf4 27. Qf3 Qxc2
28. Bd7 Rg5 29. Ba4 Qxb2 30. Rab1 Qa2 31. Bb3 Qa3 32. Rxd6 c4 33. Rd8+ Kg7 34.
Bxc4 Qxa5 35. Rd7+ Kh6 36. Qxb7 Rg3 37. Rxh7+ Kg5 38. Qe7+ Kf5 39. Qe6+ Ke4 40.
Qc6+ Kf5 41. Be6+ Kf6 42. Bg4+ Kg5 43. h4+ 1-0

[Event "34. Abierto Collado Villalba 2017"]
[Site "Collado Villalba ESP"]
[Date "2017.08.28"]
[Round "7.1"]
[White "Hernando Pertierra, Jose Carlos"]
[Black "Moreno Ruiz, Javier"]
[Result "1/2-1/2"]
[WhiteElo "2348"]
[BlackElo "2460"]
[PlyCount "73"]
[EventDate "2017.08.22"]
[EventType "swiss"]
[EventRounds "9"]
[EventCountry "ESP"]
[SourceTitle "Ajedrez en Madrid"]
[Source "lmi"]
[SourceDate "2017.08.22"]
[SourceVersion "1"]
[SourceVersionDate "2018.03.05"]
[SourceQuality "1"]

1. d4 Nf6 2. Nf3 g6 3. Bf4 Bg7 4. Nc3 d5 5. Nb5 Na6 6. c3 c6 7. Na3 O-O 8. e3
Nc7 9. Be2 Ne6 10. Be5 c5 11. O-O a6 12. c4 dxc4 13. dxc5 Nxc5 14. Nxc4 Be6 15.
Qxd8 Raxd8 16. Nd4 Bxc4 17. Bxc4 Nfe4 18. Bxg7 Kxg7 19. Rfc1 e5 20. Nf3 f6 21.
Rc2 a5 22. g4 Rd6 23. Rac1 Rfd8 24. Be2 b6 25. Kg2 g5 26. h4 h6 27. hxg5 hxg5
28. a3 a4 29. Bb5 Nd2 30. Re1 Nxf3 31. Kxf3 Rh8 32. Kg3 Rh4 33. Bf1 Ne4+ 34.
Kf3 Nd2+ 35. Kg3 Ne4+ 36. Kf3 Nd2+ 37. Kg3 1/2-1/2

[Event "34. Abierto Collado Villalba 2017"]
[Site "Collado Villalba ESP"]
[Date "2017.08.28"]
[Round "7.2"]
[White "Longa Yauca, Javier"]
[Black "Elissalt Cardenas, Hector"]
[Result "0-1"]
[WhiteElo "2261"]
[BlackElo "2360"]
[PlyCount "62"]
[EventDate "2017.08.22"]
[EventType "swiss"]
[EventRounds "9"]
[EventCountry "ESP"]
[SourceTitle "Ajedrez en Madrid"]
[Source "lmi"]
[SourceDate "2017.08.22"]
[SourceVersion "1"]
[SourceVersionDate "2018.03.05"]
[SourceQuality "1"]

1. d4 Nf6 2. c4 e6 3. Nf3 b6 4. Nc3 Bb7 5. g3 Ne4 6. Bg2 Be7 7. Qc2 Nxc3 8.
Qxc3 O-O 9. O-O Be4 10. Bf4 f5 11. h4 h6 12. Qd2 d6 13. Rfd1 Nd7 14. b4 a5 15.
b5 Qe8 16. Ne1 Bf6 17. Bxe4 fxe4 18. Be3 Qg6 19. Ng2 e5 20. d5 Be7 21. Kh2 Qg4
22. Rh1 Rf7 23. Kg1 Raf8 24. Rh2 Nf6 25. Ne1 Qg6 26. Nc2 Ng4 27. Rg2 Rf5 28.
Rf1 Qh5 29. Na3 Bxh4 30. gxh4 Qxh4 31. Rc1 Rh5 0-1

[Event "34. Abierto Collado Villalba 2017"]
[Site "Collado Villalba ESP"]
[Date "2017.08.28"]
[Round "7.3"]
[White "Martin Duque, Jesus"]
[Black "Valles Moreno, Ivan"]
[Result "1-0"]
[WhiteElo "2386"]
[BlackElo "2435"]
[PlyCount "85"]
[EventDate "2017.08.22"]
[EventType "swiss"]
[EventRounds "9"]
[EventCountry "ESP"]
[SourceTitle "Ajedrez en Madrid"]
[Source "lmi"]
[SourceDate "2017.08.22"]
[SourceVersion "1"]
[SourceVersionDate "2018.03.05"]
[SourceQuality "1"]

1. e4 c5 2. Nf3 e6 3. d4 cxd4 4. Nxd4 a6 5. Bd3 Bc5 6. Nb3 Ba7 7. O-O Nc6 8.
Nc3 d6 9. Qe2 Nge7 10. Be3 b5 11. a4 b4 12. Nd1 O-O 13. Bxa7 Rxa7 14. Ne3 d5
15. exd5 Nxd5 16. Be4 Nce7 17. Rfd1 Bb7 18. a5 Qa8 19. Nc5 Bc6 20. Rd4 Nxe3 21.
Qxe3 Bxe4 22. Qxe4 Qxe4 23. Rxe4 Nd5 24. Nd3 Rc7 25. Nxb4 Nxb4 26. Rxb4 Rxc2
27. Rb6 Rd8 28. b4 Rb2 29. Rxa6 Rxb4 30. g3 g5 31. Rb6 Rbd4 32. Kg2 Rd1 33.
Rbb1 R1d7 34. a6 Ra8 35. Rb7 Rdd8 36. a7 Kg7 37. Rc1 g4 38. Rcc7 Rf8 39. Rb4 h5
40. Rb5 Kg6 41. Rcb7 Kg7 42. Rxh5 Kf6 43. Rhb5 1-0

[Event "34. Abierto Collado Villalba 2017"]
[Site "Collado Villalba ESP"]
[Date "2017.08.28"]
[Round "7.4"]
[White "Aranda Marin, Cristian"]
[Black "Perez Ordoñez, Jose Ramon"]
[Result "1-0"]
[WhiteElo "2263"]
[BlackElo "2120"]
[PlyCount "51"]
[EventDate "2017.08.22"]
[EventType "swiss"]
[EventRounds "9"]
[EventCountry "ESP"]
[SourceTitle "Ajedrez en Madrid"]
[Source "lmi"]
[SourceDate "2017.08.22"]
[SourceVersion "1"]
[SourceVersionDate "2018.03.05"]
[SourceQuality "1"]

1. e4 c5 2. Nc3 d6 3. Nf3 a6 4. d4 cxd4 5. Nxd4 Nf6 6. a3 e5 7. Nf5 d5 8. Bg5
d4 9. Bxf6 Qxf6 10. Nd5 Qd8 11. Qg4 g6 12. Qg3 Nc6 13. Nxd4 Bg7 14. Nf3 Be6 15.
Rd1 O-O 16. c3 f5 17. Bc4 Kh8 18. Ng5 Bg8 19. h4 h5 20. exf5 gxf5 21. Qf3 Qe8
22. Nc7 e4 23. Qe2 Bxc4 24. Qxc4 Qg6 25. Nxa8 Ne5 26. Qe6 1-0

[Event "34. Abierto Collado Villalba 2017"]
[Site "Collado Villalba ESP"]
[Date "2017.08.28"]
[Round "7.5"]
[White "Villacorta Nicolas, David"]
[Black "Cao Armillas, Jesus"]
[Result "1-0"]
[WhiteElo "2048"]
[BlackElo "2204"]
[PlyCount "81"]
[EventDate "2017.08.22"]
[EventType "swiss"]
[EventRounds "9"]
[EventCountry "ESP"]
[SourceTitle "Ajedrez en Madrid"]
[Source "lmi"]
[SourceDate "2017.08.22"]
[SourceVersion "1"]
[SourceVersionDate "2018.03.05"]
[SourceQuality "1"]

1. e4 c5 2. Nf3 d6 3. d4 cxd4 4. Nxd4 Nf6 5. Nc3 a6 6. h3 e6 7. g4 Nc6 8. Bg2
Qc7 9. O-O Be7 10. Be3 O-O 11. f4 Bd7 12. g5 Ne8 13. Nxc6 bxc6 14. f5 e5 15.
Na4 Rb8 16. c4 d5 17. c5 Rb4 18. a3 Rxa4 19. Qxa4 d4 20. Bf2 Bxc5 21. Rfc1 Be7
22. h4 Nd6 23. Be1 Qb7 24. Qb4 Qa8 25. Qa5 f6 26. gxf6 gxf6 27. Bb4 Rc8 28. Bf1
c5 29. Rxc5 Qxe4 30. Rxc8+ Bxc8 31. Bg2 Qxf5 32. Bxd6 Bxd6 33. Qd8+ Bf8 34. Rf1
Qg4 35. Rxf6 Qg7 36. Kh1 Bb7 37. Rxf8+ Qxf8 38. Qxf8+ Kxf8 39. Bxb7 a5 40. Be4
h6 41. Kg2 1-0

[Event "34. Abierto Collado Villalba 2017"]
[Site "Collado Villalba ESP"]
[Date "2017.08.28"]
[Round "7.7"]
[White "Garrido Olivares, Ricard"]
[Black "Correas Gonzalez, Jose Ramon"]
[Result "0-1"]
[WhiteElo "2167"]
[BlackElo "2018"]
[PlyCount "82"]
[EventDate "2017.08.22"]
[EventType "swiss"]
[EventRounds "9"]
[EventCountry "ESP"]
[SourceTitle "Ajedrez en Madrid"]
[Source "lmi"]
[SourceDate "2017.08.22"]
[SourceVersion "1"]
[SourceVersionDate "2018.03.05"]
[SourceQuality "1"]

1. e4 c5 2. Nf3 d6 3. d4 cxd4 4. Nxd4 Nf6 5. Nc3 a6 6. Bg5 Nbd7 7. Be2 b5 8. a3
Bb7 9. Bf3 Ne5 10. O-O e6 11. Re1 Be7 12. Qd2 Qc7 13. Rad1 Rc8 14. Be2 Qb8 15.
f3 O-O 16. Bf1 Rfe8 17. Kh1 Nc4 18. Bxc4 Rxc4 19. Nb3 Qc7 20. Be3 d5 21. e5 Nd7
22. f4 Bxa3 23. bxa3 Rxc3 24. Re2 Rc8 25. Nd4 Rxa3 26. Qe1 Nf8 27. Bd2 Ra4 28.
Bb4 Qd7 29. g4 Rc4 30. c3 a5 31. Bxf8 Kxf8 32. f5 Rc8 33. Re3 b4 34. cxb4 Rxb4
35. Qh4 Qa4 36. Red3 Ba6 37. R3d2 Rb2 38. Qxh7 Rxd2 39. Nxe6+ fxe6 40. Qh8+ Kf7
41. Qh5+ Kg8 0-1

[Event "34. Abierto Collado Villalba 2017"]
[Site "Collado Villalba ESP"]
[Date "2017.08.28"]
[Round "7.8"]
[White "Mkrtchyan, Levon"]
[Black "Rodrigo Yanguas, Maria"]
[Result "1-0"]
[WhiteElo "1964"]
[BlackElo "2076"]
[PlyCount "93"]
[EventDate "2017.08.22"]
[EventType "swiss"]
[EventRounds "9"]
[EventCountry "ESP"]
[SourceTitle "Ajedrez en Madrid"]
[Source "lmi"]
[SourceDate "2017.08.22"]
[SourceVersion "1"]
[SourceVersionDate "2018.03.05"]
[SourceQuality "1"]

1. d4 Nf6 2. Nf3 g6 3. c4 Bg7 4. Nc3 O-O 5. e4 d6 6. Be2 e5 7. O-O Nc6 8. d5
Ne7 9. Ne1 Nd7 10. Nd3 b6 11. Bd2 f5 12. b4 Nf6 13. f3 f4 14. c5 g5 15. cxd6
cxd6 16. h3 h5 17. Nf2 Ng6 18. Qc2 a6 19. Rfc1 Bd7 20. b5 a5 21. Na4 Ne8 22.
Qb3 Kf7 23. Rc3 Rh8 24. Rac1 Rb8 25. Qd1 Qf6 26. Qb3 Ne7 27. Rc6 Nxc6 28. bxc6
Bc8 29. c7 Nxc7 30. Rxc7+ Kg6 31. Bxa5 Bxh3 32. Nxb6 Bc8 33. Qc3 Qd8 34. Qc6
Qf8 35. Rxc8 Rxc8 36. Nxc8 Qxc8 37. Qxd6+ Bf6 38. Nd3 Re8 39. Qc7 Qa8 40. Bc3
g4 41. Nxe5+ Kg5 42. Nf7+ Kg6 43. Bxf6 Rc8 44. Ne5+ Kxf6 45. Qd6+ Kg5 46. Qe7+
Kh6 47. Qf6+ 1-0

[Event "34. Abierto Collado Villalba 2017"]
[Site "Collado Villalba ESP"]
[Date "2017.08.28"]
[Round "7.9"]
[White "Perez Pascual, Arturo"]
[Black "Robles Diaz, Jose Alberto"]
[Result "0-1"]
[WhiteElo "1832"]
[BlackElo "2088"]
[PlyCount "60"]
[EventDate "2017.08.22"]
[EventType "swiss"]
[EventRounds "9"]
[EventCountry "ESP"]
[SourceTitle "Ajedrez en Madrid"]
[Source "lmi"]
[SourceDate "2017.08.22"]
[SourceVersion "1"]
[SourceVersionDate "2018.03.05"]
[SourceQuality "1"]

1. e4 c5 2. Nf3 e6 3. d4 cxd4 4. Nxd4 a6 5. Bd3 Nf6 6. O-O Qc7 7. Qe2 d6 8. c4
Be7 9. Nc3 O-O 10. f4 Nbd7 11. Nf3 Nc5 12. Bc2 e5 13. f5 b5 14. b4 Ncd7 15. Nd5
Nxd5 16. cxd5 Nf6 17. Bd3 Bd7 18. Bd2 Rfc8 19. Rfc1 Qb6+ 20. Be3 Qb7 21. h3 Bd8
22. Qf2 Bxf5 23. Nd2 Bg6 24. Qe2 Bb6 25. Kh2 Bd4 26. Bxd4 exd4 27. Qf3 Rc3 28.
Rxc3 dxc3 29. Nb3 Re8 30. Qg3 Qe7 0-1

[Event "34. Abierto Collado Villalba 2017"]
[Site "Collado Villalba ESP"]
[Date "2017.08.28"]
[Round "7.10"]
[White "Semprun Martinez, Fernando"]
[Black "Garcia Galeote, Lorenzo"]
[Result "1-0"]
[WhiteElo "2193"]
[BlackElo "1985"]
[PlyCount "109"]
[EventDate "2017.08.22"]
[EventType "swiss"]
[EventRounds "9"]
[EventCountry "ESP"]
[SourceTitle "Ajedrez en Madrid"]
[Source "lmi"]
[SourceDate "2017.08.22"]
[SourceVersion "1"]
[SourceVersionDate "2018.03.05"]
[SourceQuality "1"]

1. e4 b6 2. d4 Bb7 3. Bd3 Nf6 4. Qe2 Nc6 5. c3 e5 6. Nf3 Bd6 7. Nbd2 Qe7 8. d5
Nb8 9. O-O c6 10. Nc4 h6 11. Nh4 g6 12. dxc6 Nxc6 13. Rd1 Bc7 14. b3 O-O-O 15.
Ba3 Qe6 16. Ne3 d5 17. exd5 Nxd5 18. Nxd5 Rxd5 19. Bc4 Rxd1+ 20. Rxd1 Qe8 21.
Qg4+ Kb8 22. Qd7 Qxd7 23. Rxd7 Rd8 24. Rxd8+ Nxd8 25. Be7 Bc8 26. Nf3 Ne6 27.
Bf6 e4 28. Nd2 Bb7 29. Bxe6 fxe6 30. Nc4 Ba6 31. Ne5 Bxe5 32. Bxe5+ Kb7 33. c4
Kc6 34. Bb8 Kb7 35. Bf4 h5 36. a4 Kc6 37. Bb8 Kb7 38. Bd6 Kc6 39. Bf8 Bc8 40.
Kf1 a6 41. Ke2 e5 42. Ke3 Bg4 43. b4 Be6 44. Kxe4 Bxc4 45. Kxe5 Bd3 46. Bh6 b5
47. a5 Bc2 48. Be3 Bb3 49. f3 Bc4 50. Kf6 Bd3 51. h4 Kd5 52. g4 Be2 53. Kxg6
hxg4 54. fxg4 Bxg4 55. h5 1-0